|
|
|
|
| LEADER |
00000nam a2200000 a 4500 |
| 001 |
vtls001065763 |
| 003 |
SK-MaSNL |
| 005 |
20260301152935.0 |
| 008 |
240315s1991 xo 000 0 slo |
| 015 |
|
|
|a SNBA1991/10
|
| 020 |
|
|
|a 8071380210
|
| 035 |
|
|
|a SNK000008593
|
| 035 |
|
|
|a urn:nbn:sk:snk-amjaq6
|
| 035 |
|
|
|a urn:nbn:sk:snk-am003f17
|
| 035 |
|
|
|a BFADA990-DE8C-4CFA-8D23-7B8521999606
|
| 040 |
|
|
|a SNK
|b slo
|c SNK
|e AACR2
|
| 041 |
0 |
|
|a slo
|b eng
|
| 044 |
|
|
|a xo
|c SK
|
| 080 |
|
|
|a 331.54
|2 1981
|
| 100 |
1 |
|
|a Kostolanský, Rudolf
|4 aut
|9 227368
|
| 245 |
1 |
0 |
|a Spôsob a zásady delenia povolaní z hľadiska potrieb služieb zamestnanosti
|c Rudolf Kostolanský
|
| 250 |
|
|
|a 1. vyd.
|
| 260 |
|
|
|a Bratislava
|b Výsk. ústav práce a soc. vecí
|c 1991
|
| 300 |
|
|
|a 28 s.
|c 21 cm
|
| 366 |
|
|
|e 400 výt.
|
| 500 |
|
|
|a Súbež. res. angl.
|
| 650 |
0 |
7 |
|a povolanie
|2 SNKPH
|9 305081
|
| 655 |
|
7 |
|a brožúry
|2 SNKPH
|9 70146
|
| 919 |
|
|
|a 80-7138-021-0
|
| 958 |
|
|
|a BQ
|
| 958 |
|
|
|a TL
|
| 999 |
|
|
|c 790739
|d 792669
|
| 952 |
|
|
|a SNK
|b SNK
|y VYP
|7 0
|p 17A0346895
|o snkSD 63551 D1
|i snkKSP 6880/91
|0 0
|1 0
|4 0
|d 2002-06-25
|f 1
|l 0
|r 2004-12-31 00:00:00
|w 2026-02-24
|
| 952 |
|
|
|a SNK
|b SNK
|y PREZ
|7 0
|p 17A0488089
|o snkSD 63551
|i snkKSP 6879/91
|0 0
|1 0
|4 0
|d 2006-04-12
|l 0
|r 2026-02-24 01:35:24
|w 2026-02-24
|